000 00523nam a22001697a 4500
005 20260424114415.0
008 260424b |||||||| |||| 00| 0 eng d
037 _cDSWL
040 _aDSWL
_cDSWL
084 _aY11:491.4 Q6
245 _aChildren and violence
260 _aNew Delhi,
_bCambridge University Press,
_c2016
300 _a331p
365 _aINR
_b995
942 _2CC
_cTEXL
_hY11:491.4 Q6
_n0
999 _c1848500
_d1848500